000 00771nam a2200241 i 4500
003 DO-SdBNP
005 20240116095936.0
007 ta
008 240116b1914 dr ||||| |||| 00| 0 spa d
040 _aDO-SdBNP
_bspa
_cBNPHU
_erda
082 4 _222
110 2 _aInstituto Profesional de Santo Domingo
_bFacultad de Farmacia
_984773
245 1 0 _aContribución al estudio de las féculas indigenas :
_btesis para la licenciatura /
_cVirgilio Díaz Ordóñez
264 _aSanto Domingo :
_bEscobar i Cía,
_c1914.
300 _a32 páginas ;
_c23 cm.
336 _2rdacontent
_atexto
_btxt
337 _2rdamedia
_asin mediación
_bn
338 _2rdacarrier
_avolumen
_bnc
500 _aTesis
590 _aInventariado, 2024/BT
910 _aBtavárez
942 _2ddc
_cLF2
999 _c55679
_d55679